| 000 | 00452nam a2200181Ia 4500 | ||
|---|---|---|---|
| 008 | 230524s9999 xx 000 0 und d | ||
| 020 | _a9788131500187 | ||
| 082 |
_a658.44 _bBEL |
||
| 100 | _aMonica Belcourt | ||
| 245 | 0 | _aStrategic Human Resources Planning | |
| 250 | _aIST | ||
| 260 |
_aNEW DELHI _bCengage _c2005 |
||
| 300 | _aVII;508 | ||
| 500 | _aQuantity Number: 2 | ||
| 650 | _aManagement | ||
| 700 | _a Kenneth J.M_c Bey | ||
| 942 | _cBK | ||
| 999 |
_c43059 _d43059 |
||